000 00499cam a22002172a 4500
001 003436
003 AR-FADEU
008 311216n1994####xxu####################dd
020 _a0-380-76546-2
092 _a813.54
_bJ35
100 _aJance, J. A.
245 _aTombstone courage
260 _aNew York
260 _bAvon
260 _c1994
300 _a427 p
440 _aMystery
650 _aLITERATURA NORTEAMERICANA-NOVELA; FICCION-MISTERIO
546 _aInglés
942 _cBDGR
999 _c9266
_d9266